000 00565nam a22001937a 4500
999 _c18639
_d18639
008 201125b xxu||||| |||| 00| 0 eng d
020 _a9781416060444
040 _aKABU
_cKABU
050 _aQR 255
_b.Z45 2013 C.1
100 _aGockel-Blessing A. Elizabeth
245 _aClinical Parasitology/
_bA practical approach
_cElizabeth A. Gockel-Blessing.
250 _a2nd ed.
260 _bElsevier,
_c2013.
300 _axiv, 370p.
650 _aDiagnostic parasitology
650 _aparasites
650 _aparasitic diseases
_vdiagnosis
942 _2lcc
_cBK